[Event "AUS-ch Reserves"]
[Site "Geelong"]
[Date "2012.01.07"]
[Round "10"]
[White "Dalton, Samuel"]
[Black "Fry, Peter"]
[Result "1-0"]
[WhiteElo "1999"]
[BlackElo "1844"]
[PlyCount "103"]
[EventDate "2011.12.27"]
[EventType "swiss"]
[EventRounds "11"]
[EventCountry "AUS"]
[SourceTitle "EXT 2023"]
[Source "ChessBase"]
[SourceDate "2022.10.05"]
[SourceVersion "1"]
[SourceVersionDate "2022.10.05"]
[SourceQuality "1"]

1. e4 c6 2. d4 d5 3. Nd2 dxe4 4. Nxe4 Bf5 5. Ng3 Bg6 6. h4 h6 7. Nf3 Nd7 8. h5 Bh7 9. Bd3 Bxd3 10. Qxd3 e6 11. Bf4 Qa5+ 12. Bd2 Qc7 13. 0-0-0 0-0-0 14. Ne4 Ngf6 15. g3 Nxe4 16. Qxe4 Bd6 17. c4 c5 18. d5 Nf6 19. Qc2 exd5 20. cxd5 Kb8 21. Bc3 Rhe8 22. Kb1 Re7 23. Bxf6 gxf6 24. Nh4 Red7 25. f4 Bf8 26. Qc4 Qa5 27. Nf5 b5 28. Qe4 Qb6 29. Rh2 Qb7 30. Rhd2 Ka8 31. Qh1 Re8 32. Re1 Red8 33. d6 Qxh1 34. Rxh1 Kb7 35. Rhd1 Re8 36. b3 Kc6 37. Kc2 a6 38. a3 Re6 39. Kc3 Rd8 40. Rd5 Re2 41. R5d2 Rxd2 42. Rxd2 Rd7 43. g4 Rd8 44. Rd3 a5 45. a4 bxa4 46. bxa4 Rd7 47. g5 fxg5 48. fxg5 hxg5 49. h6 Bxh6 50. Nxh6 Rxd6 51. Rxd6+ Kxd6 52. Nxf7+ 1-0

[Event "AUS-ch Reserves"]
[Site "Geelong"]
[Date "2011.12.31"]
[Round "5"]
[White "Davis, Tony J"]
[Black "Dalton, Samuel"]
[Result "0-1"]
[WhiteElo "1942"]
[BlackElo "1999"]
[PlyCount "36"]
[EventDate "2011.12.27"]
[EventType "swiss"]
[EventRounds "11"]
[EventCountry "AUS"]
[SourceTitle "EXT 2023"]
[Source "ChessBase"]
[SourceDate "2022.10.05"]
[SourceVersion "1"]
[SourceVersionDate "2022.10.05"]
[SourceQuality "1"]

1. d4 d5 2. Nc3 Nf6 3. Bg5 Nbd7 4. e3 e6 5. Qf3 h6 6. Bf4 a6 7. 0-0-0 b5 8. Bd3 Bb7 9. g4 c5 10. g5 hxg5 11. Bxg5 Rc8 12. h4 b4 13. Nb1 c4 14. Be2 c3 15. Rd3 Qa5 16. Nh3 Ne4 17. bxc3 Qxa2 18. Nd2 Qa3+ 0-1

[Event "AUS-ch Reserves"]
[Site "Geelong"]
[Date "2011.12.29"]
[Round "3"]
[White "Van Riel, Bas"]
[Black "Dalton, Samuel"]
[Result "0-1"]
[WhiteElo "1886"]
[BlackElo "1999"]
[PlyCount "40"]
[EventDate "2011.12.27"]
[EventType "swiss"]
[EventRounds "11"]
[EventCountry "AUS"]
[SourceTitle "EXT 2023"]
[Source "ChessBase"]
[SourceDate "2022.10.05"]
[SourceVersion "1"]
[SourceVersionDate "2022.10.05"]
[SourceQuality "1"]

1. Nf3 d5 2. d4 Nf6 3. c4 c6 4. Nc3 dxc4 5. a4 Bf5 6. Ne5 Nbd7 7. Nxc4 Qc7 8. g3 e5 9. dxe5 Nxe5 10. Bf4 Nfd7 11. Bg2 f6 12. Rc1 Bb4 13. 0-0 Qb8 14. Ne4 Be6 15. Ncd6+ Ke7 16. Nc4 Rd8 17. Qb3 a5 18. Rfd1 Qa7 19. Qa2 Nxc4 20. Rxc4 b5 0-1

[Event "Doeberl Cup Major 48th"]
[Site "Canberra"]
[Date "2010.04.03"]
[Round "3"]
[White "Descallar, Levi"]
[Black "Dalton, Samuel"]
[Result "0-1"]
[WhiteElo "1821"]
[BlackElo "1925"]
[PlyCount "100"]
[EventDate "2010.04.02"]
[EventType "swiss"]
[EventRounds "7"]
[EventCountry "AUS"]
[SourceTitle "EXT 2012"]
[Source "ChessBase"]
[SourceDate "2011.11.24"]
[SourceVersion "1"]
[SourceVersionDate "2011.11.24"]
[SourceQuality "1"]

1. d4 d5 2. Nf3 Nf6 3. Bf4 c5 4. e3 Nc6 5. Bd3 Qb6 6. 0-0 cxd4 7. exd4 Bg4 8. Nc3 Bxf3 9. Qxf3 Nxd4 10. Qe3 Nc6 11. Qxb6 axb6 12. Bc7 d4 13. Nb5 Nd7 14. Rfe1 e6 15. a3 Be7 16. Rad1 0-0 17. Be4 e5 18. Bxc6 bxc6 19. Nxd4 Ra7 20. Nxc6 Rxc7 21. Nxe7+ Kh8 22. c3 f5 23. Rd6 Rf7 24. Nd5 Rb7 25. Rxe5 h6 26. Re8+ Kh7 27. Kf1 b5 28. Re7 Nc5 29. Rxf7 Rxf7 30. f3 Rf8 31. Nc7 Rb8 32. Ne6 Na4 33. Rd2 Kg6 34. Nf4+ Kf6 35. Ke2 g5 36. Nd5+ Ke5 37. Nb4 Ke6 38. Kd1 Nc5 39. Kc2 g4 40. Re2+ Kf6 41. fxg4 fxg4 42. Rf2+ Kg6 43. Nc6 Rb7 44. Nd4 Na6 45. Re2 Nc7 46. Re7 Kf6 47. Rd7 Ra7 48. Rd6+ Kg5 49. Rb6 Ra5 50. g3 Nd5 0-1

[Event "AUS-ch U18"]
[Site "Sandy Bay"]
[Date "2010.01.25"]
[Round "11"]
[White "Dalton, Samuel"]
[Black "Cheng, Bobby Sky"]
[Result "0-1"]
[WhiteElo "1958"]
[BlackElo "2193"]
[PlyCount "154"]
[EventDate "2010.01.14"]
[EventType "swiss"]
[EventRounds "11"]
[EventCountry "AUS"]
[SourceTitle "EXT 2011"]
[Source "ChessBase"]
[SourceDate "2010.11.26"]
[SourceVersion "1"]
[SourceVersionDate "2010.11.26"]
[SourceQuality "1"]

1. e4 e6 2. d4 d5 3. Nc3 Bb4 4. e5 c5 5. a3 Bxc3+ 6. bxc3 Qa5 7. Bd2 Qa4 8. Qg4 g6 9. Qd1 b6 10. Nf3 Ba6 11. Bxa6 Nxa6 12. 0-0 Rc8 13. Qe2 Nb8 14. Rfc1 h6 15. Qd3 Ne7 16. Be3 Kd7 17. dxc5 bxc5 18. c4 Qxc4 19. Qxc4 dxc4 20. Nd2 Nd5 21. Nxc4 Ke7 22. Rab1 Nd7 23. Rb7 Rc7 24. Rxc7 Nxc7 25. Rb1 Nd5 26. Rb7 Nxe3 27. fxe3 a6 28. Nb6 Rd8 29. Kf2 Ke8 30. Nc4 Rb8 31. Ra7 Rb1 32. Nd6+ Ke7 33. Ne4 Kd8 34. Ra8+ Kc7 35. Ra7+ Kc6 36. Rxa6+ Rb6 37. Rxb6+ Kxb6 38. a4 Nxe5 39. a5+ Kxa5 40. Nxc5 Ng4+ 41. Kf3 Nxh2+ 42. Kf4 Kb5 43. Nb7 f6 44. Nd8 e5+ 45. Ke4 Kc4 46. Nf7 Ng4 47. Nh8 g5 48. Nf7 h5 49. Nd6+ Kc3 50. Kf3 Kxc2 51. Nf5 Kd3 52. Ng7 e4+ 53. Kg3 Nxe3 54. Nxh5 f5 55. Kf2 Ng4+ 56. Ke1 f4 57. Ng7 Ne3 58. Kf2 g4 59. Ne6 g3+ 60. Kg1 Nd5 61. Nc5+ Ke3 62. Kf1 f3 63. Nb3 f2 64. Nc5 Kd4 65. Nb3+ Kc3 66. Nd2 Kd3 67. Nc4 Kxc4 68. Ke2 Kd4 69. Kf1 e3 70. Ke2 Nc3+ 71. Kf3 f1Q+ 72. Kxg3 e2 73. Kh2 Qf4+ 74. g3 Qf2+ 75. Kh3 Ne4 76. Kh4 Qxg3+ 77. Kh5 Qg5# 0-1

[Event "AUS-ch Major"]
[Site "Cammeray"]
[Date "2010.01.03"]
[Round "2"]
[White "Javor, Stephen"]
[Black "Dalton, Samuel"]
[Result "0-1"]
[WhiteElo "1571"]
[BlackElo "1958"]
[PlyCount "74"]
[EventDate "2010.01.02"]
[EventType "swiss"]
[EventRounds "11"]
[EventCountry "AUS"]
[SourceTitle "EXT 2011"]
[Source "ChessBase"]
[SourceDate "2010.11.26"]
[SourceVersion "1"]
[SourceVersionDate "2010.11.26"]
[SourceQuality "1"]

1. e4 e6 2. d4 d5 3. Nd2 c5 4. Ngf3 cxd4 5. Nxd4 Nc6 6. N4b3 Be7 7. Be2 Nf6 8. exd5 Nxd5 9. Nf3 Qc7 10. g3 Bd7 11. 0-0 0-0-0 12. c4 Nf6 13. a3 e5 14. Qc2 g6 15. Bg5 Bf5 16. Qc1 h6 17. Be3 Ne4 18. Nfd2 Nxd2 19. Nxd2 Nd4 20. Bxd4 exd4 21. Bf3 Bg5 22. Bd5 Rhe8 23. Re1 h5 24. Qd1 Bg4 25. f3 Be3+ 26. Kg2 Be6 27. Bxe6+ fxe6 28. b3 h4 29. Ne4 Rh8 30. Qd3 Qf7 31. Qe2 Qf5 32. g4 h3+ 33. Kh1 Qf7 34. Rad1 Rhf8 35. Rf1 Qc7 36. Rd3 Qc6 37. Rdd1 Rf4 0-1

[Event "AUS-ch U18"]
[Site "Adelaide"]
[Date "2009.01.06"]
[Round "5"]
[White "Tang, Jason"]
[Black "Dalton, Samuel"]
[Result "1-0"]
[WhiteElo "1791"]
[BlackElo "2008"]
[PlyCount "119"]
[EventDate "2009.01.02"]
[EventType "swiss"]
[EventRounds "11"]
[EventCountry "AUS"]
[SourceTitle "CBM 128 Extra"]
[Source "ChessBase"]
[SourceDate "2009.03.05"]
[SourceVersion "2"]
[SourceVersionDate "2009.03.25"]
[SourceQuality "1"]

1. d4 d5 2. c4 c6 3. Nf3 Nf6 4. e3 e6 5. Nc3 Nbd7 6. Bd3 dxc4 7. Bxc4 b5 8. Bd3 Bb7 9. 0-0 a6 10. e4 c5 11. e5 Nd5 12. Nxd5 Bxd5 13. dxc5 Bxc5 14. Bf4 Qe7 15. Qe2 Nb6 16. Be3 Na4 17. Bxc5 Nxc5 18. b3 Nxd3 19. Qxd3 Qb7 20. Rac1 h6 21. Rc5 0-0 22. Rfc1 Rac8 23. Ne1 Qb8 24. Qe3 Rxc5 25. Rxc5 f6 26. Nd3 fxe5 27. Nxe5 Qd6 28. f3 Rf5 29. Nd3 Rf8 30. Qe5 Qb6 31. Qc7 Qxc7 32. Rxc7 Rf7 33. Rc8+ Rf8 34. Rc7 Rf7 35. Rc8+ Rf8 36. Rxf8+ Kxf8 37. Kf2 Ke7 38. Ke3 Kd6 39. Kd4 Bb7 40. b4 Bc8 41. f4 g5 42. g3 Bb7 43. Nc5 Bd5 44. a3 gxf4 45. gxf4 Bf3 46. Nxa6 Be2 47. Nc5 Bf3 48. Ne4+ Kc6 49. Ke5 Bxe4 50. Kxe4 Kd6 51. Kd4 h5 52. h4 Ke7 53. Ke5 Kd7 54. f5 exf5 55. Kxf5 Kd6 56. Kg5 Kd5 57. Kxh5 Kc4 58. Kg5 Kb3 59. h5 Kxa3 60. h6 1-0

[Event "AUS-ch U18"]
[Site "Adelaide"]
[Date "2009.01.04"]
[Round "4"]
[White "Dalton, Samuel"]
[Black "Brown, Andrew"]
[Result "0-1"]
[WhiteElo "2008"]
[BlackElo "2017"]
[PlyCount "96"]
[EventDate "2009.01.02"]
[EventType "swiss"]
[EventRounds "11"]
[EventCountry "AUS"]
[SourceTitle "CBM 128 Extra"]
[Source "ChessBase"]
[SourceDate "2009.03.05"]
[SourceVersion "2"]
[SourceVersionDate "2009.03.25"]
[SourceQuality "1"]

1. e4 c5 2. Nf3 Nc6 3. d4 cxd4 4. Nxd4 Nf6 5. Nc3 e5 6. Ndb5 d6 7. Bg5 a6 8. Na3 b5 9. Nd5 Be7 10. Bxf6 Bxf6 11. c3 Ne7 12. Nxf6+ gxf6 13. Qd2 Bb7 14. Bd3 d5 15. f3 Qb6 16. Nc2 Rd8 17. Qe2 dxe4 18. fxe4 f5 19. 0-0-0 f4 20. g3 Ng6 21. Nb4 0-0 22. Rhg1 Kh8 23. Nd5 Bxd5 24. exd5 f5 25. gxf4 e4 26. Bc2 Nxf4 27. Qf1 Qxg1 28. Qxf4 Qg7 29. d6 Rf6 30. Rd5 Qh6 31. Qxh6 Rxh6 32. d7 Rxh2 33. b3 Rf2 34. c4 bxc4 35. bxc4 e3 36. Ba4 Rf1+ 37. Kb2 e2 38. Re5 e1Q 39. Rxe1 Rxe1 40. c5 Re5 41. c6 Rc5 42. Kb3 Rb8+ 43. Ka3 Rc3+ 44. Bb3 Rxc6 45. Ba4 Rd6 46. Bb3 Rxd7 47. Be6 Rd3+ 48. Bb3 Rdxb3+ 0-1

[Event "AUS-ch U18"]
[Site "Adelaide"]
[Date "2009.01.03"]
[Round "2"]
[White "Dalton, Samuel"]
[Black "Griggs, James"]
[Result "1-0"]
[WhiteElo "2008"]
[BlackElo "1521"]
[PlyCount "41"]
[EventDate "2009.01.02"]
[EventType "swiss"]
[EventRounds "11"]
[EventCountry "AUS"]
[SourceTitle "CBM 128 Extra"]
[Source "ChessBase"]
[SourceDate "2009.03.05"]
[SourceVersion "2"]
[SourceVersionDate "2009.03.25"]
[SourceQuality "1"]

1. e4 d6 2. d4 Nf6 3. Nc3 g6 4. f4 Bg7 5. Nf3 0-0 6. Bd3 Nbd7 7. e5 dxe5 8. dxe5 Ne8 9. Bc4 e6 10. h4 c6 11. h5 Nc7 12. hxg6 hxg6 13. Ng5 Nxe5 14. fxe5 Qxd1+ 15. Nxd1 Bxe5 16. Nh7 Re8 17. Nf2 Nd5 18. Ng4 Bg3+ 19. Kf1 Kg7 20. Bh6+ Kxh7 21. Bxd5 1-0

[Event "AUS-ch U18"]
[Site "Adelaide"]
[Date "2009.01.02"]
[Round "1"]
[White "Borg, Malcolm"]
[Black "Dalton, Samuel"]
[Result "0-1"]
[WhiteElo "1272"]
[BlackElo "2008"]
[PlyCount "110"]
[EventDate "2009.01.02"]
[EventType "swiss"]
[EventRounds "11"]
[EventCountry "AUS"]
[SourceTitle "CBM 128 Extra"]
[Source "ChessBase"]
[SourceDate "2009.03.05"]
[SourceVersion "2"]
[SourceVersionDate "2009.03.25"]
[SourceQuality "1"]

1. e4 e6 2. d4 d5 3. exd5 exd5 4. Bd3 Bd6 5. c3 Nc6 6. Be3 Nf6 7. Nd2 Bg4 8. Qc2 h6 9. Ngf3 Qd7 10. h3 Be6 11. b4 Ne7 12. Nb3 Bf5 13. Nc5 Bxc5 14. bxc5 Bxd3 15. Qxd3 Ng6 16. 0-0 0-0 17. Nd2 Rfe8 18. f4 Ne4 19. Nxe4 dxe4 20. Qe2 Ne7 21. Bd2 Nf5 22. Be1 Qd5 23. g4 Ne7 24. f5 f6 25. Bg3 b6 26. cxb6 cxb6 27. Rae1 Nc8 28. h4 Nd6 29. Bxd6 Qxd6 30. Qg2 Rac8 31. Rxe4 Rxe4 32. Qxe4 Rxc3 33. Rf4 Rc1+ 34. Kg2 Qc6 35. Qxc6 Rxc6 36. Kg3 Kf7 37. Re4 Rc2 38. a4 Rc4 39. Kf3 Rxa4 40. Ke3 Ra1 41. Kd3 b5 42. Kc3 a5 43. Kb2 Ra4 44. Kb3 Rc4 45. Ka3 a4 46. Kb2 b4 47. Kb1 a3 48. Ka2 Rc2+ 49. Kb1 b3 50. Re3 a2+ 51. Ka1 Rc1+ 52. Kb2 a1Q+ 53. Kxb3 Qxd4 54. Rg3 Rb1+ 55. Ka2 Qa1# 0-1

[Event "Sydney op-A"]
[Site "Parramatta"]
[Date "2008.03.27"]
[Round "4"]
[White "Dalton, Samuel"]
[Black "Chow, Samuel"]
[Result "0-1"]
[WhiteElo "1735"]
[BlackElo "2240"]
[PlyCount "104"]
[EventDate "2008.03.25"]
[EventType "swiss"]
[EventRounds "9"]
[EventCountry "AUS"]
[SourceTitle "EXT 2023"]
[Source "ChessBase"]
[SourceDate "2022.10.05"]
[SourceVersion "1"]
[SourceVersionDate "2022.10.05"]
[SourceQuality "1"]

1. e4 e6 2. d4 d5 3. Nc3 Nf6 4. e5 Nfd7 5. f4 c5 6. Nf3 Nc6 7. Be3 cxd4 8. Nxd4 Bc5 9. Qd2 0-0 10. 0-0-0 a6 11. Nb3 Bb4 12. g4 f6 13. exf6 Nxf6 14. g5 Ne4 15. Qd3 Nxc3 16. bxc3 Bd6 17. f5 Rxf5 18. Bh3 Rf3 19. Bg2 Ne5 20. Qd4 Rxe3 21. Qxe3 Nc4 22. Qe2 Be5 23. Rd3 Qxg5+ 24. Kb1 Bd7 25. Nd4 Qe7 26. Ka1 Rc8 27. Rb1 b5 28. Bf3 Rf8 29. Bg2 Rf4 30. Qe1 Rf8 31. Qe2 Qd6 32. Nf3 Bf6 33. Rb3 Re8 34. Bh3 Nb6 35. Re3 Nc4 36. Rd3 Qf4 37. Qd1 Nb6 38. Nd4 Na4 39. Qd2 Qxd2 40. Rxd2 Nc5 41. Ra3 Ne4 42. Rd3 Nf2 43. Rf3 Nxh3 44. Rxh3 e5 45. Rd3 exd4 46. cxd4 Re2 47. Kb2 Bf5 48. Kc3 Bxd3 49. Kxd3 Re4 50. Rxa6 Rxd4+ 51. Ke3 Ra4 52. Rb6 Bd4+ 0-1

[Event "Sydney op-A"]
[Site "Parramatta"]
[Date "2008.03.27"]
[Round "5"]
[White "Dalton, Samuel"]
[Black "Hacche, David"]
[Result "0-1"]
[WhiteElo "1735"]
[BlackElo "2182"]
[PlyCount "110"]
[EventDate "2008.03.25"]
[EventType "swiss"]
[EventRounds "9"]
[EventCountry "AUS"]
[SourceTitle "EXT 2023"]
[Source "ChessBase"]
[SourceDate "2022.10.05"]
[SourceVersion "1"]
[SourceVersionDate "2022.10.05"]
[SourceQuality "1"]

1. e4 d6 2. d4 a6 3. c4 g6 4. Nc3 Bg7 5. Be3 c6 6. a4 a5 7. Qd2 Na6 8. f3 Nb4 9. Nge2 e6 10. Nf4 Bh6 11. 0-0-0 Ne7 12. Nh5 Bxe3 13. Nf6+ Kf8 14. Qxe3 h6 15. e5 Nf5 16. Qf2 d5 17. g4 Ng7 18. Qh4 Qc7 19. Kb1 b6 20. f4 Qe7 21. Be2 Ne8 22. Rhe1 dxc4 23. Bxc4 Ra7 24. g5 Ng7 25. Nce4 Nf5 26. Qf2 h5 27. Ng3 Ng7 28. h4 Rc7 29. Rd2 Bd7 30. Rc1 Rb7 31. Qf3 Rb8 32. Be2 Ne8 33. Nge4 Nd5 34. Nxe8 Bxe8 35. Nd6 Bd7 36. Bc4 Nb4 37. Be2 Kg7 38. Qh1 Nd5 39. Bf3 Nb4 40. Be4 Rhd8 41. Bf3 Ra8 42. Nc4 Rdb8 43. Nd6 Ra7 44. Ne4 b5 45. axb5 Rxb5 46. Nf6 Nd5 47. Rdc2 Rab7 48. Bxd5 exd5 49. Qg2 Bf5 50. Ka2 Rb4 51. Rc3 Ra4+ 52. Ra3 Qb4 53. Ne8+ Kh8 54. Rc2 Qb3+ 55. Kb1 Qxb2# 0-1

[Event "Sydney op-A"]
[Site "Parramatta"]
[Date "2008.03.26"]
[Round "3"]
[White "Cunanan, Homer"]
[Black "Dalton, Samuel"]
[Result "0-1"]
[WhiteElo "2133"]
[BlackElo "1735"]
[PlyCount "88"]
[EventDate "2008.03.25"]
[EventType "swiss"]
[EventRounds "9"]
[EventCountry "AUS"]
[SourceTitle "EXT 2023"]
[Source "ChessBase"]
[SourceDate "2022.10.05"]
[SourceVersion "1"]
[SourceVersionDate "2022.10.05"]
[SourceQuality "1"]

1. e4 e6 2. d4 d5 3. Nc3 Nf6 4. Bg5 dxe4 5. Nxe4 Be7 6. Bxf6 Bxf6 7. Nf3 Nd7 8. Bd3 c5 9. Nd6+ Ke7 10. Nxc8+ Rxc8 11. 0-0 cxd4 12. Qe1 Qb6 13. Rd1 Rc7 14. b4 g6 15. Qe2 Ne5 16. Nxe5 Bxe5 17. Rde1 Bg7 18. f4 h5 19. Qf2 f5 20. Re2 Qxb4 21. Qg3 Kf7 22. Rfe1 Re7 23. h3 Bf6 24. Rf1 a6 25. Ree1 b5 26. a4 bxa4 27. Rb1 Qa5 28. Qf3 e5 29. fxe5 Qxe5 30. Qc6 a3 31. Rb6 Rc7 32. Qa4 Qe3+ 33. Kh1 Be5 34. Qb3+ Kg7 35. Rxg6+ Kxg6 36. Qe6+ Kg7 37. Rxf5 a2 38. Qxa2 Rf8 39. Rxf8 Kxf8 40. Qxa6 Qe1+ 41. Bf1 Rf7 42. Qh6+ Ke7 43. Qg5+ Rf6 44. Qg7+ Kd6 0-1

[Event "AUS-ch U18"]
[Site "Sydney"]
[Date "2008.01.25"]
[Round "11"]
[White "Ikeda, Junta"]
[Black "Dalton, Samuel"]
[Result "1-0"]
[WhiteElo "2201"]
[BlackElo "1735"]
[PlyCount "65"]
[EventDate "2008.01.13"]
[EventType "swiss"]
[EventRounds "11"]
[EventCountry "AUS"]
[SourceTitle "EXT 2023"]
[Source "ChessBase"]
[SourceDate "2022.10.05"]
[SourceVersion "1"]
[SourceVersionDate "2022.10.05"]
[SourceQuality "1"]

1. d4 d5 2. c4 c6 3. Nf3 Nf6 4. Nc3 dxc4 5. a4 Bf5 6. e3 e6 7. Bxc4 Bb4 8. 0-0 Nbd7 9. Qe2 Bg6 10. e4 0-0 11. e5 Nd5 12. Ne4 c5 13. Bg5 Qb6 14. dxc5 Qc7 15. Ng3 Nxc5 16. Rfd1 Nb6 17. Ba2 Nbxa4 18. h4 h6 19. Bf4 Rfd8 20. Nd4 a6 21. Rac1 Qa5 22. Bb1 Bxb1 23. Rxb1 Rd5 24. Qg4 Nd7 25. Nxe6 g6 26. Nf5 Nxe5 27. Bxe5 Rxe5 28. Nxh6+ Kh7 29. Nxf7 Rd5 30. Qf4 Bf8 31. Nxf8+ Rxf8 32. Qh6+ Kg8 33. Qxg6# 1-0

[Event "Canberra AUS Minor op"]
[Site "Canberra"]
[Date "2006.12.31"]
[Round "6"]
[White "Wicks, Mark"]
[Black "Dalton, Samuel"]
[Result "1/2-1/2"]
[WhiteElo "1401"]
[BlackElo "1584"]
[PlyCount "120"]
[EventDate "2006.12.28"]
[EventType "swiss"]
[EventRounds "6"]
[EventCountry "AUS"]
[SourceTitle "EXT 2010"]
[Source "ChessBase"]
[SourceDate "2010.11.25"]
[SourceVersion "1"]
[SourceVersionDate "2010.11.25"]
[SourceQuality "1"]

1. Nf3 Nf6 2. d4 d6 3. Bf4 Nbd7 4. h3 c6 5. c3 g6 6. Nbd2 Bg7 7. e4 0-0 8. Bc4 b5 9. Bb3 Nb6 10. 0-0 Nfd7 11. Re1 e5 12. Bg5 Qc7 13. dxe5 dxe5 14. Qe2 Nc5 15. Bc2 Ne6 16. Be3 Bb7 17. Bb3 Rfe8 18. Qd1 Nd7 19. Ng5 Nxg5 20. Bxg5 Nc5 21. Bc2 Ne6 22. Be3 Bf6 23. Nb3 Bg5 24. Bxg5 Nxg5 25. Qd2 Qd8 26. Qe3 Ne6 27. Rad1 Qb6 28. Qxb6 axb6 29. Nc1 Rad8 30. Nd3 Nc5 31. Nxc5 bxc5 32. Rxd8 Rxd8 33. Rd1 Rxd1+ 34. Bxd1 b4 35. Kf1 Kf8 36. Be2 Ke7 37. Ke1 f5 38. Kd2 Kd6 39. Bd3 Bc8 40. f3 Be6 41. a3 bxa3 42. bxa3 fxe4 43. Bxe4 Bb3 44. Bd3 Ba4 45. Ke3 Bb3 46. c4 Ke6 47. Kd2 Kd6 48. Kc3 Bd1 49. Kd2 Bb3 50. Be2 Kc7 51. Kc3 Ba4 52. Kd3 Bb3 53. Ke4 Kd6 54. Bd3 Ke6 55. Ke3 Kd6 56. Kd2 Ke7 57. Kc3 Bd1 58. Bc2 Be2 59. h4 Bf1 60. g3 Be2 1/2-1/2

[Event "Canberra AUS Minor op"]
[Site "Canberra"]
[Date "2006.12.30"]
[Round "5"]
[White "Dalton, Samuel"]
[Black "Xing, Edward"]
[Result "1-0"]
[WhiteElo "1584"]
[BlackElo "1456"]
[PlyCount "97"]
[EventDate "2006.12.28"]
[EventType "swiss"]
[EventRounds "6"]
[EventCountry "AUS"]
[SourceTitle "EXT 2010"]
[Source "ChessBase"]
[SourceDate "2010.11.25"]
[SourceVersion "1"]
[SourceVersionDate "2010.11.25"]
[SourceQuality "1"]

1. e4 c5 2. Nf3 d6 3. Bb5+ Bd7 4. Bxd7+ Qxd7 5. c4 Nf6 6. Nc3 g6 7. 0-0 Bg7 8. d4 cxd4 9. Nxd4 0-0 10. f3 Nc6 11. Nde2 Ne5 12. b3 Rfc8 13. Be3 a6 14. Na4 Qc7 15. Nb6 Rab8 16. Nxc8 Rxc8 17. Rc1 Nfd7 18. Qc2 b5 19. Qd2 bxc4 20. f4 Ng4 21. Rxc4 Qb7 22. Rxc8+ Qxc8 23. Bd4 Ngf6 24. Nc3 Qb7 25. Qe2 Qb4 26. Qc4 Qb7 27. e5 d5 28. Qe2 Ne8 29. Rc1 Nc7 30. Na4 Ne6 31. Be3 d4 32. Bd2 Bh6 33. g3 Bg7 34. Qc4 Qa7 35. Qc8+ Bf8 36. Kh1 d3 37. Qc3 Qb7+ 38. Qc6 Qa7 39. Qf3 Nd4 40. Be3 Nxf3 41. Bxa7 e6 42. Rd1 d2 43. Kg2 Ne1+ 44. Kf2 Bb4 45. Be3 Nd3+ 46. Kf1 Nc1 47. Bxd2 Nxa2 48. Bxb4 Nxb4 49. Rxd7 1-0